000 00590nam a2200145Ia 4500
008 210324s9999||||xx |||||||||||||| ||und||
040 _cSTCPL
041 _hMAL
082 _a894.812
_bPAR-A
245 0 _aAdhunika malayala sahithyam - vol. I
_hആധുനിക മലയാളസാഹിത്യം - വാല്യം - 1
260 _aSt.Thomas College
_bSree Rama Vilasam Press
_c1954
300 _a1-xi, 1-368, 1-7
650 _aUral-Altaic, Paleosiberian, Dravidian LiteraturesMALAYALAMTHE DUNCE WHO THOUGHT MEN TO THINK, THE SUGAR CROP WAS SAVED, MOST ANCIENT INDIA.
942 _cBK
999 _c4860
_d4860